书目信息 |
| 题名: |
房产税征收对区域经济的影响
|
|
| 作者: | 杨继瑞 , 马永坤 著 | |
| 分册: | ||
| 出版信息: | 成都 西南财经大学出版社 2015 |
|
| 页数: | 199页 | |
| 开本: | 21cm | |
| 丛书名: | ||
| 单 册: | ||
| 中图分类: | F127.711 | |
| 科图分类: | ||
| 主题词: | 房地产税--Fang Di Chan Shui--影响--区(城市)--经济发展--研究--成都 | |
| 电子资源: | ||
| ISBN: | 978-7-5504-1711-3 | |
| 000 | 01482nam0 22002771 450 | |
| 001 | 350629 | |
| 005 | 20161011153329.87 | |
| 010 | @a978-7-5504-1711-3@dCNY39.00 | |
| 100 | @a20150820d2015 em y0chiy50 ea | |
| 101 | 0 | @achi |
| 102 | @aCN@b510000 | |
| 105 | @ay z 000yy | |
| 106 | @ar | |
| 200 | 1 | @a房产税征收对区域经济的影响@AFang Chan Shui Zheng Shou Dui Qu Yu Jing Ji De Ying Xiang@e以新都区为例@dInfluence of the real estate tax over regional economies@ea case of Xindu district@f杨继瑞,马永坤等著@zeng |
| 205 | @a2版 | |
| 210 | @a成都@c西南财经大学出版社@d2015 | |
| 215 | @a199页@d21cm | |
| 330 | @a本书主要目的是在全面评估我国房产税改革和沪渝试点成效与问题的基础上,围绕房产税改革实施过程中面临的重大理论和现实问题展开研究。从地方实证角度论证,即以成都市新都区作为开征房产税的模拟对象,研究房产税对该地区的整体结构是否产生了实质的影响。通过对我国房产税改革的梳理和房产税改革对新都区税收、房地产、土地出让金、城市建设等方面的影响分析,探索出一个适应我国国情的完善的房产税收制度,包括房产税税种设置与优化、征税环节、征收标准、征管制度等。 | |
| 510 | 1 | @aInfluence of the real estate tax over regional economies@ea case of Xindu district@zeng |
| 517 | 1 | @a以新都区为例@AYi Xin Du Qu Wei Li |
| 606 | 0 | @a房地产税@AFang Di Chan Shui@x影响@x区(城市)@x经济发展@x研究@y成都 |
| 690 | @aF127.711@v5 | |
| 701 | 0 | @a杨继瑞@AYang Ji Rui@f(1954.10~)@4著 |
| 701 | 0 | @a马永坤@AMa Yong Kun@4著 |
| 801 | 0 | @aCN@bTANGWEI@c20160805 |
| 905 | @b0890990-4@dF127.711@e268=2@f5 | |
| 房产税征收对区域经济的影响:以新都区为例=Influence of the real estate tax over regional economies:a case of Xindu district/杨继瑞,马永坤等著.-2版.-成都:西南财经大学出版社,2015 |
| 199页;21cm |
| ISBN 978-7-5504-1711-3:CNY39.00 |
| 本书主要目的是在全面评估我国房产税改革和沪渝试点成效与问题的基础上,围绕房产税改革实施过程中面临的重大理论和现实问题展开研究。从地方实证角度论证,即以成都市新都区作为开征房产税的模拟对象,研究房产税对该地区的整体结构是否产生了实质的影响。通过对我国房产税改革的梳理和房产税改革对新都区税收、房地产、土地出让金、城市建设等方面的影响分析,探索出一个适应我国国情的完善的房产税收制度,包括房产税税种设置与优化、征税环节、征收标准、征管制度等。 |
| ● |
| 相关链接 |
|
|
|
|
正题名:房产税征收对区域经济的影响
索取号:F127.711/268=2
 
预约/预借
| 序号 | 登录号 | 条形码 | 馆藏地/架位号 | 状态 | 备注 |
| 1 | 0890990 | 208909902 | 第一样本阅览室/ [索取号:F127.711/268=2] | 在馆 | |
| 2 | 0890991 | 208909911 | 第一借阅区/ [索取号:F127.711/268=2] | 在馆 | |
| 3 | 0890992 | 208909920 | 第一借阅区/ [索取号:F127.711/268=2] | 在馆 | |
| 4 | 0890993 | 208909939 | 第一借阅区/ [索取号:F127.711/268=2] | 在馆 | |
| 5 | 0890994 | 208909948 | 密集书库-海洋学院/ [索取号:F127.711/268=2] | 在馆 |